Occupation by Necktie Quiz Stats

 Plays Quiz Updated Sep 21, 2018

Challenge
Share
Tweet
Score 0/27 Timer 05:00
4 Plays Today
% Correct
Clown
97.7%
Composer
96.9%
Geneticist
94.8%
Police officer
94.8%
Computer
programmer
94.6%
Judge
94.4%
Firefighter
94.2%
Barber
94.2%
Astronaut
94.2%
Radiologist
93.9%
Optometrist
93.9%
Bartender
93.7%
Dentist
93.6%
Electrician
93.6%
% Correct
Pilot
93.6%
School bus driver
93.1%
Pharmacist
92.8%
Hatmaker
92.8%
Carpenter
91.7%
Astronomer
91.5%
Architect
90.4%
Professional poker player
89.9%
Meteorologist
89.5%
Surgeon
87.2%
Entomologist
86.8%
School teacher
84.3%
Barista
83.9%

You're not logged in!

Compare scores with friends on all Sporcle quizzes.
OR
Log In

You Might Also Like...

Show Comments

Extras

Top Quizzes Today


Score Distribution

Your Account Isn't Verified!

In order to create a playlist on Sporcle, you need to verify the email address you used during registration. Go to your Sporcle Settings to finish the process.

Report this User

Report this user for behavior that violates our Community Guidelines.

Details: